Navy Football: Top 10 All-Time Leaders - Statistics

General Stats
  • This quiz has been taken 5 times
  • The average score is 14 of 48
Answer Stats
Category # Player Amount % Correct
Passing Yards 7 Roger Staubach 3,571
75%
Receiving Yards 3 Eli Heidenreich 1,538
50%
Tackles 3 Josh Smith 354
50%
Rushing Yards 3 Napoleon McCallum 4,179
50%
Rushing Yards 9 Shun White 2,311
50%
Passing Yards 10 Al Glenny 2,644
25%
Passing Yards 8 Alton Grizzard 3,492
25%
Rushing Yards 10 Alton Grizzard 2,290
25%
Sacks 1 Andy Person 22.0
25%
Tackles 1 Andy Ponseigo 500
25%
Receiving Yards 6 Bert Calland 1,237
25%
Passing Yards 2 Bill Byrne 4,582
25%
Passing Yards 5 Bob Lesczynski 3,945
25%
Interceptions 4 Charlie Robinson 11
25%
Rushing Yards 4 Chris McCoy 3,401
25%
Rushing Yards 8 Cleveland Cooper 2,582
25%
Tackles T5 Clint Bruce 328
25%
Receiving Yards 9 Damon Dixon 1,176
25%
Interceptions T5 Dashaun Peele 10
25%
Sacks 2 David Mahoney 21.0
25%
Rushing Yards 5 Eddie Meyers 2,935
25%
Receiving Yards 7 Eric Roberts 1,213
25%
Interceptions T5 Gene Ford 10
25%
Tackles 2 Gervy Alota 384
25%
Sacks T3 Jabaree Tuani 16.0
25%
Receiving Yards 2 Jamir Tillman 1,626
25%
Tackles 4 Javier Zuluaga 337
25%
Passing Yards 1 Jim Kubiak 6,008
25%
Passing Yards 6 John Cartwright 3,626
25%
Sacks 5 John Chan 14.0
25%
Interceptions 1 John Sturges 13
25%
Interceptions T2 John Weaver 12
25%
Receiving Yards 10 Karl Schwelm 1,174
25%
Passing Yards 3 Keenan Reynolds 4,001
25%
Rushing Yards 1 Keenan Reynolds 4,559
25%
Receiving Yards 8 Kevin Hickman 1,178
25%
Rushing Yards 6 Kyle Eckel 2,900
25%
Receiving Yards 5 Larry Van Loan 1,259
25%
Rushing Yards 2 Malcolm Perry 4,359
25%
Tackles T5 Marc Firlie 328
25%
Passing Yards 4 Mike McNallen 3,996
25%
Receiving Yards 4 Phil McConkey 1,278
25%
Interceptions T2 Rick Bayer 12
25%
Passing Yards 9 Ricky Dobbs 2,770
25%
Rushing Yards 7 Ricky Dobbs 2,665
25%
Receiving Yards 1 Rob Taylor 1,736
25%
Interceptions T5 Sean Andrews 10
25%
Sacks T3 Tyler Tidwell 16.0
25%
No matching quizzes found
Score Distribution
Percent of People with Each Score
Percentile by Number Answered
Your Score History
You have not taken this quiz